[Event "36th Mitropa Cup Open 2018"]
[Site "Isola Capo Rizzuto"]
[Date "2018.06.05"]
[Round "5.6"]
[White "Plenca, Jadranko"]
[Black "Studer, Noel"]
[Result "0-1"]
[WhiteElo "2487"]
[BlackElo "2477"]
[Annotator "TA"]
[PlyCount "92"]
[EventDate "2018.05.31"]
[EventType "team-tourn"]
[EventCountry "ITA"]
[SourceTitle "playchess.com"]
[Source "ChessBase"]
[SourceQuality "1"]
[WhiteTeam "Croatia"]
[BlackTeam "Switzerland"]
[WhiteTeamCountry "CRO"]
[BlackTeamCountry "SUI"]

{[%evp 14,92,1,-2,33,0,-11,-6,-8,-8,-8,-19,-7,-47,-42,-29,-56,-43,-12,-63,0,-8,-8,-17,-14,-46,-54,-100,-95,-107,-108,-104,-111,-95,-103,-149,-143,-152,-151,-129,-147,-146,-91,-107,-108,-108,-101,-116,-116,-123,-112,-117,-100,-116,-112,-116,-116,-117,-116,-128,-128,-138,-97,-134,-144,-144,-129,-145,-141,-222,-217,-328,-247,-359,-333,-1396,-875,-12839,-12840,-12844,-12844]} 1. e4 e6 2. d4 d5 3. Nd2 c5 4. Ngf3 cxd4 5. Nxd4 Nf6 6. exd5 {C07: French Tarrasch: 3...c5, 4 Ngf3 and 4 exd5 Qxd5} a6 (6... Qxd5 7. Nb5 Qd8 8. Bd3 a6 9. Nc3 Nc6 10. O-O Ne5 11. Be2 b5 12. Nf3 Qxd1 13. Rxd1 Nc6 14. Bf4 Bb7 {0-1 (53) Vachier Lagrave,M (2796)-Caruana,F (2808) Paris 2017}) 7. N2f3 Qxd5 8. Bd3 {LiveBook: 15 Games. The position is equal.} Nbd7 9. O-O Bd6 $146 ({Predecessor:} 9... Bc5 10. c4 Qd6 11. Nb3 Ba7 12. Qe2 O-O 13. Bg5 Qc7 14. Bh4 Re8 15. Rfe1 Bb8 16. Rad1 b6 17. Bg3 Qa7 18. Ne5 Nxe5 19. Bxe5 Bxe5 20. Qxe5 Qb8 {½-½ (20) Vysochin,S (2550)-Lysyj,I (2612) St Petersburg 2009}) 10. c4 Qc5 11. Re1 {Nf5 is the strong threat.} O-O 12. Nb3 Qc7 13. h3 b6 14. a4 Bb7 15. a5 Rfd8 {Strongly threatening ...Bxf3.} 16. axb6 (16. Bd2 $11) 16... Qxb6 (16... Nxb6 $15 17. Qe2 Bxf3 18. gxf3 Nbd7) 17. Bd2 $1 $11 {[%cal Rd2a5] Hoping for Ba5.} Bb4 18. Bxb4 Qxb4 19. Re3 a5 {[%cal Ba6a5,Ba5a4][%mdl 32]} 20. Qe1 Bxf3 $1 21. Rxf3 Qxe1+ 22. Rxe1 a4 23. Nc1 Nc5 24. Bc2 Rd2 25. Re2 Rxe2 $1 26. Nxe2 Rb8 27. Nc3 {[#]} Rxb2 (27... Rb4 $142 $1 28. Nd1 Nfd7) 28. Nxa4 Rxc2 29. Nxc5 Rxc4 $17 {[%mdl 4096] Endgame KRN-KRN} 30. Rd3 {Intending Rd8+ and mate.} g5 31. Nd7 Nd5 32. Ra3 Kg7 33. Ne5 Re4 34. Nc6 h5 {[%cal Bh7h5,Bh5h4][%mdl 32]} 35. Ra7 Kf6 36. Nd8 Ne7 37. Rd7 h4 38. Nb7 Re1+ 39. Kh2 Ng6 40. Nd6 Ne5 41. Ne8+ (41. Rc7 $17 {was called for.}) 41... Kg6 $19 42. Rd2 (42. Rd4 $142) 42... Rf1 43. Nd6 {[#]} (43. f3 $142) 43... g4 $1 44. Re2 $2 (44. hxg4 Nxg4+ 45. Kh3) 44... Nd3 {Black is clearly winning.} 45. hxg4 Nxf2 {[%csl Gf2][%cal Rf1h1]} 46. g3 h3 {Precision: White = 38%, Black = 76%.} 0-1

[Event "36th Mitropa Cup Open 2018"]
[Site "Isola Capo Rizzuto"]
[Date "2018.06.05"]
[Round "5.7"]
[White "Gaehwiler, Gabriel"]
[Black "Tica, Sven"]
[Result "0-1"]
[WhiteElo "2423"]
[BlackElo "2444"]
[Annotator "TA"]
[PlyCount "72"]
[EventDate "2018.05.31"]
[EventType "team-tourn"]
[EventCountry "ITA"]
[SourceTitle "playchess.com"]
[Source "ChessBase"]
[SourceQuality "1"]
[WhiteTeam "Switzerland"]
[BlackTeam "Croatia"]
[WhiteTeamCountry "SUI"]
[BlackTeamCountry "CRO"]

{[%evp 11,72,0,0,0,0,0,0,0,0,0,0,0,0,0,0,0,0,0,34,28,51,61,61,63,99,100,128,120,115,92,131,0,0,0,0,0,-18,-11,-12,-25,-26,-25,-16,-77,0,-60,-65,-61,-70,-78,-85,-83,-86,-93,-60,-599,-594,-4994,-822,-29993,-29994,-29994,-29995]} 1. d4 d5 {[%cal Bd7d5,Bd5c4][%mdl 32]} 2. c4 e6 3. g3 dxc4 4. Nf3 a6 5. Bg2 b5 6. Ne5 {D30: Queen's Gambit Declined: Systems without Nc3} c6 {LiveBook: 7 Games} 7. b3 $146 ({Predecessor:} 7. Nxc6 Qb6 8. Nxb8 Rxb8 9. O-O Bb7 10. e4 Nf6 11. Nc3 Be7 {0-1 (83) Sivuk,V (2520)-Rakhmanov,A (2676) Minsk 2017}) 7... cxb3 8. axb3 {The position is equal.} Bb7 9. Bb2 Nf6 10. O-O Be7 11. Nd2 O-O 12. Ne4 Nxe4 13. Bxe4 Qc7 14. Qc2 {Hoping for d5.} f5 15. Bf3 $36 {[%mdl 2048] White has some pressure.} c5 16. Bxb7 Qxb7 17. dxc5 Rc8 18. b4 Nc6 19. Qb3 Nxe5 20. Bxe5 Kf7 21. f3 ({Better is} 21. Qb2 $16) 21... a5 $1 $11 22. bxa5 Rxc5 23. Bd4 Rc4 24. Bb6 Qc6 25. Rfb1 Rc3 26. Qd1 $1 b4 27. Rc1 {[#]} (27. Ra2 $11 {keeps the balance.}) 27... Bc5+ (27... Rc8 $1 $17 {[%cal Rc3c1]} 28. Rxc3 bxc3) 28. Bxc5 (28. Kg2 $1 $11) 28... Qxc5+ $15 29. Kg2 Rxa5 30. Rxa5 Qxa5 {[%mdl 4096] Endgame KQR-KQR} 31. Qd7+ Kf6 32. Rd1 Rc2 33. Qe8 $2 {[%mdl 8192] [#]} (33. h4 $15) 33... Rxe2+ $19 34. Kh1 Qa2 (34... b3 $142 35. Qf8+ Kg6 36. Qe8+ Kh6) 35. Qf8+ Kg6 36. Qe8+ Kh6 {Precision: White = 55%, Black = 67%.} 0-1

[Event "36th Mitropa Cup Open 2018"]
[Site "Isola Capo Rizzuto"]
[Date "2018.06.05"]
[Round "5.8"]
[White "Srbis, Jurica"]
[Black "Baenziger, Fabian"]
[Result "1/2-1/2"]
[WhiteElo "2416"]
[BlackElo "2377"]
[Annotator "TA"]
[PlyCount "83"]
[EventDate "2018.05.31"]
[EventType "team-tourn"]
[EventCountry "ITA"]
[SourceTitle "playchess.com"]
[Source "ChessBase"]
[SourceQuality "1"]
[WhiteTeam "Croatia"]
[BlackTeam "Switzerland"]
[WhiteTeamCountry "CRO"]
[BlackTeamCountry "SUI"]

{[%evp 11,83,40,26,0,18,1,15,13,23,12,33,35,45,0,1,0,0,0,0,0,0,0,0,0,0,0,0,0,0,0,29,29,29,30,50,54,71,54,83,83,82,82,83,82,86,79,143,140,140,139,144,118,145,141,136,126,126,112,165,165,166,143,138,123,118,0,0,0,0,0,0,0,0,0]} 1. e4 c5 2. Nf3 e6 3. c3 d5 4. exd5 Qxd5 5. d4 Nf6 6. Na3 a6 7. Nc2 {B22: Sicilian: 2 c3} Nbd7 8. Be2 cxd4 9. Ncxd4 $146 ({Predecessor:} 9. Qxd4 Qxd4 10. Nfxd4 e5 11. Nb3 b6 12. Bf3 e4 13. Be2 Bb7 14. Bg5 {½-½ (37) Godena,M (2502)-Salgado Lopez,I (2628) Jerusalem 2015}) 9... e5 10. Nb3 b6 11. Qxd5 Nxd5 12. Bc4 Bb7 13. O-O Rc8 14. Bxd5 Bxd5 {[#]} 15. Nxe5 $1 {[%mdl 512]} Nxe5 16. Re1 f6 {White must now prevent ...Kf7.} 17. f4 Bxb3 18. axb3 Bc5+ 19. Kh1 $1 O-O 20. fxe5 Bf2 21. Re2 fxe5 22. b4 (22. Rxa6 $2 Rcd8 $19) 22... Rcd8 {( -> ...Rd1+)} 23. Bg5 Rd5 {[#]} 24. g3 $1 $36 {[%mdl 2048] Black is under pressure.} h6 25. Be7 Rf7 26. Rxa6 Rxe7 27. Rxf2 $16 {[%mdl 4096] Endgame KRR-KRR} e4 28. Kg2 ({Much worse is} 28. Rxb6 $6 e3 $11) 28... b5 (28... Re6 $142) 29. Ra8+ Kh7 30. Rc8 Ree5 31. Re2 Kg6 32. Rc6+ Kf7 33. Rc7+ Kg6 34. h4 Rd1 (34... h5 $16 {was necessary.} 35. Rf2 Kh6 36. Rc6+ Kh7) 35. Rc6+ Kf7 36. Rf2+ Ke7 37. Rc7+ Ke6 38. Rxg7 (38. Rff7 $16) 38... e3 $11 {The position is equal.} 39. Re2 {Threatens to win with g4.} Kf5 {Strongly threatening ...Ke4.} 40. Kf3 Rf1+ 41. Kg2 Rd1 $1 {Hoping for ...Ke4.} 42. Kf3 {Precision: White = 72%, Black = 61%.} 1/2-1/2

[Event "36th Mitropa Cup Open 2018"]
[Site "Isola Capo Rizzuto"]
[Date "2018.06.05"]
[Round "5.9"]
[White "Vocaturo, Daniele"]
[Black "Gozzoli, Yannick"]
[Result "1-0"]
[WhiteElo "2616"]
[BlackElo "2598"]
[Annotator "TA"]
[PlyCount "147"]
[EventDate "2018.05.31"]
[EventType "team-tourn"]
[EventCountry "ITA"]
[SourceTitle "playchess.com"]
[Source "ChessBase"]
[SourceQuality "1"]
[WhiteTeam "Italy"]
[BlackTeam "France"]
[WhiteTeamCountry "ITA"]
[BlackTeamCountry "FRA"]

{[%evp 32,147,77,77,96,5,46,-5,61,46,109,119,133,108,140,124,141,91,188,178,188,202,186,191,220,216,220,214,224,211,231,234,249,233,233,224,234,225,232,226,231,208,215,216,214,220,211,165,183,84,189,186,208,188,185,159,272,279,287,277,389,377,408,394,371,377,333,283,289,272,272,241,241,241,337,242,633,316,331,323,462,324,324,297,337,343,308,305,284,8,8,8,797,797,796,795,780,768,787,787,787,787,787,787,787,787,781,776,679,410,781,757,927,657,653,636,745,719]} 1. e4 e5 2. Nf3 Nc6 3. Bc4 Bc5 4. c3 Nf6 5. d3 a6 6. O-O d6 7. Bb3 Ba7 8. Re1 h6 9. Nbd2 O-O 10. Nf1 Ne7 11. Ng3 Ng6 12. h3 Re8 13. d4 b5 14. Bc2 Bb7 15. a4 exd4 {C54: Giuoco Piano: 4 c3 Nf6, main lines with 5 d4 and 5 d3} 16. cxd4 c5 17. d5 {LiveBook: 3 Games} c4 {White is better.} 18. Nf5 ({White should play} 18. Be3 $16) 18... b4 (18... Qb6 $2 19. Be3 $18) 19. Bd2 $146 (19. Qd2 $14 Qb6 20. a5) ({Predecessor:} 19. a5 Bc5 20. b3 c3 21. N3d4 Bc8 22. g4 Nh7 23. Qd3 {0-1 (39) Anisimov,P (2500)-Kazhgaleyev,M (2600) Sochi 2006}) 19... Ne7 ({Much worse is} 19... Qb6 $6 20. Be3 $16) (19... Bc8 $11) 20. Ne3 b3 (20... a5 $14) 21. Bb1 $16 Rc8 22. Bc3 Ng6 23. Nd2 Ne5 24. Bxe5 {Threatens to win with Bc3.} dxe5 (24... Bxe3 $16 25. Rxe3 Rxe5) 25. Ndxc4 $18 Rb8 26. Ra3 Bc8 27. Rxb3 Bd7 28. Rxb8 Qxb8 29. b3 Qb4 30. Bd3 Qc3 31. Bc2 Qd4 32. Qf3 Qc3 33. Rd1 Bd4 34. Qe2 Qb4 35. Nf1 g6 36. Qd2 Qc5 37. Nfe3 {[%cal Bf1e3,Be3d5,Bd5c7][%mdl 32]} Rb8 38. Rb1 {[%cal Bd1b1,Bb1b3,Bb3f3][%mdl 32]} Nh5 39. b4 Qe7 40. d6 (40. Bd1 $18 {and White stays clearly on top.}) 40... Qg5 (40... Qh4 $16) 41. Nd5 $1 Qh4 42. Rb3 Be6 43. Rf3 {Ne7+ is the strong threat.} Kg7 (43... Bxd5 $16 44. exd5 Rd8) 44. Nce3 Qg5 45. Nc7 Bd7 (45... Qd8 {might work better.} 46. Nxa6 Rc8) 46. Nxa6 Rb6 47. Nc5 Rxd6 {And now ...Bxc5 would win.} 48. Nxd7 Rxd7 49. Kh2 Nf4 50. Rg3 Qd8 51. Bb3 Bxe3 52. Qxe3 Rd4 53. b5 Qa8 $2 (53... h5 54. Qe1 h4) 54. Bc2 (54. Rf3 $142) 54... Qd8 55. Rf3 Qc7 (55... Ne6 {was necessary.} 56. Qc3 Qb8) 56. Bb3 {Black must now prevent Rxf4!} ({Less strong is} 56. Rxf4 Qxc2 57. Rf3 Qxa4 $16) 56... Rd3 57. b6 Qd6 {[#]} 58. Qxd3 $1 Nxd3 59. Rxf7+ Kh8 {[#]} 60. b7 $2 (60. a5 $1 $18 {[%cal Ra5a6]} Nc5 61. Bd5) 60... Nc5 $11 61. Bd5 Na6 $2 {[%mdl 8192]} (61... Nxb7 $11 62. Rxb7 Qc5) 62. Bc4 $18 {Hoping for Bxa6.} Nb8 63. a5 Qc5 64. a6 h5 {[#]} 65. Rf8+ $1 {[%mdl 512]} Qxf8 66. a7 Qf4+ 67. Kg1 Qc1+ 68. Bf1 Qc7 69. a8=Q Kg7 70. Qa1 Kf8 (70... Qxb7 $142 71. Qxe5+ Kh7) 71. Qb2 {White is clearly winning.} h4 72. Qb5 Ke7 73. Qd5 Kf6 74. Bc4 {Precision: White = 61%, Black = 39%.} 1-0

[Event "36th Mitropa Cup Open 2018"]
[Site "Isola Capo Rizzuto"]
[Date "2018.06.05"]
[Round "5.10"]
[White "Sochacki, Christophe"]
[Black "Moroni, Luca Jr"]
[Result "1/2-1/2"]
[WhiteElo "2459"]
[BlackElo "2556"]
[Annotator "TA"]
[PlyCount "104"]
[EventDate "2018.05.31"]
[EventType "team-tourn"]
[EventCountry "ITA"]
[SourceTitle "playchess.com"]
[Source "ChessBase"]
[SourceQuality "1"]
[WhiteTeam "France"]
[BlackTeam "Italy"]
[WhiteTeamCountry "FRA"]
[BlackTeamCountry "ITA"]

{[%evp 11,104,-3,-11,-3,12,-11,17,11,21,28,24,12,57,14,21,0,0,-11,-13,-3,27,22,10,16,25,21,20,12,53,52,105,117,118,14,17,19,66,50,62,68,59,53,65,65,96,107,106,20,28,20,20,40,24,-11,-11,-11,-11,-11,-11,-10,0,0,0,0,0,0,0,0,0,0,0,0,0,0,0,0,0,0,0,0,0,-2,0,0,0,0,0,0,0,0,0,0,0,0,0]} 1. Nf3 d5 2. b3 Bg4 {[%cal Bc8g4,Bg4h5,Bh5g6][%mdl 32]} 3. e3 Nd7 4. Bb2 Ngf6 5. h3 Bh5 6. g4 {A06: Réti Opening:1 Nf3 d5} Bg6 {LiveBook: 11 Games} 7. g5 (7. Nh4 e6 8. Nxg6 hxg6 9. Bg2 Bd6 10. d3 Qe7 11. a3 Be5 12. d4 Bd6 13. c4 c6 {0-1 (40) Matlakov,M (2676)-Bukavshin,I (2539) St Petersburg 2013}) 7... Ne4 8. d3 Nd6 9. Nh4 Nf5 $146 ({Predecessor:} 9... e6 10. Nxg6 hxg6 11. Rg1 Qe7 12. c4 O-O-O 13. cxd5 exd5 {0-1 (38) Silverman,I-Donoghue,F corr 1983}) 10. Nxf5 Bxf5 11. Qf3 Be6 12. c4 c6 13. h4 {[%cal Bh3h4,Bh4g5,Bg5g6][%mdl 32]} h6 14. Rg1 hxg5 15. hxg5 Qa5+ 16. Bc3 Qc7 ({Wrong is} 16... Ne5 $2 17. Qg3 $18 (17. Bxa5 $2 {is the wrong capture.} Nxf3+ 18. Kd1 Nxg1 $19)) 17. Nd2 Rh4 18. g6 f6 19. d4 a5 20. a4 Qh2 (20... O-O-O $14) 21. Rg3 $16 Qh1 22. c5 (22. cxd5 $16 Bxd5 23. Qxh1 Rxh1 24. e4) 22... Qxf3 $11 23. Nxf3 Rg4 24. Bd3 Rxg3 25. fxg3 b6 26. cxb6 Nxb6 27. Kf2 Bg4 28. Rh1 Nc8 29. e4 ({White should play} 29. Rh4 $16 Be6 30. Nd2) 29... Nd6 30. e5 Ne4+ 31. Bxe4 $1 dxe4 32. Nh4 fxe5 {The position is equal.} 33. dxe5 e6 {Threatening ...Rb8.} 34. Ke3 Rb8 35. Rb1 Bb4 36. Bxb4 Rxb4 {[%mdl 4096] Endgame KRB-KRN} 37. Rc1 Kd7 38. Rf1 Rxb3+ 39. Kxe4 {[#] aiming for Rf7+.} Rxg3 40. Rf7+ Ke8 {Threatens to win with ...Bd1.} 41. Rxg7 Bd1 {White must now prevent ...Rg4+.} 42. Rg8+ Ke7 {[#] And now ...Rg4+ would win.} 43. Ra8 c5 44. Kf4 Rg4+ 45. Ke3 Bxa4 {...Bc6 is the strong threat.} ({Don't go for} 45... Rxh4 $2 46. g7 $18) 46. Ra7+ Kf8 47. Ra8+ $1 Be8 (47... Kg7 $5 48. Ra7+ $8 Kf8 49. Ra8+ Ke7 $11) 48. Nf3 a4 49. Nd2 $1 {[%cal Rd2e4]} Ke7 50. Ra7+ Kf8 51. Ra8 {White wants to play Ne4.} Ke7 52. Ra7+ Kf8 {Precision: White = 74%, Black = 60%.} 1/2-1/2

[Event "36th Mitropa Cup Open 2018"]
[Site "Isola Capo Rizzuto"]
[Date "2018.06.05"]
[Round "5.11"]
[White "Brunello, Sabino"]
[Black "Loiseau, Quentin"]
[Result "1/2-1/2"]
[WhiteElo "2540"]
[BlackElo "2402"]
[Annotator "TA"]
[PlyCount "77"]
[EventDate "2018.05.31"]
[EventType "team-tourn"]
[EventCountry "ITA"]
[SourceTitle "playchess.com"]
[Source "ChessBase"]
[SourceQuality "1"]
[WhiteTeam "Italy"]
[BlackTeam "France"]
[WhiteTeamCountry "ITA"]
[BlackTeamCountry "FRA"]

{[%evp 32,77,29,31,10,12,20,0,50,31,62,40,40,45,180,18,29,21,21,11,23,-5,88,75,88,0,0,0,0,0,0,0,0,0,0,0,0,0,0,0,0,0,0,0,0,0,0,0]} 1. e4 c5 2. Nf3 Nc6 3. d4 cxd4 4. Nxd4 Nf6 5. Nc3 e5 6. Ndb5 d6 7. Bg5 a6 8. Na3 b5 9. Bxf6 gxf6 10. Nd5 f5 11. Bd3 Be6 12. c3 Bg7 13. Qh5 O-O 14. exf5 Bxd5 15. f6 e4 16. fxg7 Re8 {[%cal Bf8e8,Be8e5,Be5g5,Bg5h5][%mdl 32]} 17. Be2 {LiveBook: 30 Games. B33: Sicilian: Pelikan and Sveshnikov Variations} Ne5 18. O-O Qf6 19. Rfd1 {[#]} Bb7 $146 (19... Nd3 $5 20. Bxd3 (20. Qxd5 Qxf2+ 21. Kh1 Qxe2 $17) 20... Re5 $14) ({Predecessor:} 19... Nd3 20. Bxd3 Re5 21. Qh3 exd3 22. Rxd3 Rae8 23. Nc2 Re2 24. Qg3 Be4 {0-1 (59) Volokitin,A (2649)-Oleksienko,M (2615) Rivne 2016}) 20. Nc2 Nf3+ 21. Kh1 ({Not} 21. gxf3 exf3 22. Bf1 Re5 $17) 21... Re5 22. Qh3 Ng5 (22... Rd8 $1 $14) 23. Qg3 $2 (23. Qd7 $18 Rb8 24. Qxd6 Qxd6 25. Rxd6) 23... e3 $1 $11 24. f3 $1 ({Reject} 24. fxe3 Ne4 $17) 24... Ne6 25. Rxd6 {Threatening Bd3.} Rg5 $1 {[%cal Rg5g3]} 26. Qh4 {aiming for Rb6.} Qe5 {[#]} (26... Qf4 $1 $11 {keeps the balance.} 27. Rd4 Qe5) 27. Rad1 $1 $16 Rh5 28. Rxe6 (28. f4 $1 $16 Bxg2+ 29. Kg1 Rxh4 30. fxe5) 28... fxe6 $11 {The position is equal.} 29. Rd8+ Rxd8 $1 30. Qxd8+ Kxg7 {[%csl Gh5][%cal Re5h2] [#]} 31. Qe7+ Kg8 $1 {[%csl Gh5][%cal Re5h2]} 32. Qe8+ Kg7 {[%csl Gh5][%cal Re5h2]} 33. Qe7+ Kg8 $1 {[%csl Gh5][%cal Re5h2]} 34. f4 Qe4 {[%csl Gb7][%cal Re4g2]} 35. Qe8+ Kg7 {[%csl Gb7][%cal Re4g2]} 36. Qe7+ Kg8 {[%csl Gb7][%cal Re4g2]} 37. Qe8+ Kg7 {[%csl Gb7][%cal Re4g2]} 38. Qe7+ Kg8 {[%csl Gb7][%cal Re4g2]} 39. Qe8+ {Precision: White = 66%, Black = 66%.} 1/2-1/2

[Event "36th Mitropa Cup Open 2018"]
[Site "Isola Capo Rizzuto"]
[Date "2018.06.05"]
[Round "5.12"]
[White "Guidarelli, Laurent"]
[Black "Valsecchi, Alessio"]
[Result "1/2-1/2"]
[WhiteElo "2464"]
[BlackElo "2515"]
[Annotator "TA"]
[PlyCount "37"]
[EventDate "2018.05.31"]
[EventType "team-tourn"]
[EventCountry "ITA"]
[SourceTitle "playchess.com"]
[Source "ChessBase"]
[SourceQuality "1"]
[WhiteTeam "France"]
[BlackTeam "Italy"]
[WhiteTeamCountry "FRA"]
[BlackTeamCountry "ITA"]

{[%evp 22,37,18,17,21,17,32,24,24,24,24,20,27,22,31,26,29,17]} 1. d4 Nf6 2. c4 e6 3. Nf3 d5 4. Nc3 Bb4 5. Bg5 h6 6. Bxf6 Qxf6 7. Qa4+ Nc6 8. Rc1 {D38: Queen's Gambit Declined: Ragozin Defence (4 Nf3 Bb4)} O-O 9. e3 Qg6 (9... Rd8 10. cxd5 exd5 11. a3 Bf8 12. Be2 Ne7 13. O-O c6 14. b4 Ng6 15. b5 Bd7 16. bxc6 bxc6 17. Qa5 Re8 18. Rfe1 Bd6 {0-1 (45) Le,Q (2737)-Yu,Y (2751) Huaian 2017}) 10. Qc2 Qxc2 11. Rxc2 dxc4 12. Bxc4 {LiveBook: 8 Games} a6 13. O-O $146 ({Predecessor:} 13. Ke2 Bd6 14. Ne4 Bd7 15. a3 Ne7 16. Rhc1 {1-0 (50) Zakaryan,D (2420)-Krishna Teja,N (2371) Moscow 2018}) 13... Bd7 14. a3 Bd6 15. Ne4 Ne7 16. Nfd2 Bc6 17. Rfc1 Rfd8 18. Nxd6 cxd6 19. Bd3 1/2-1/2

[Event "36th Mitropa Cup Open 2018"]
[Site "Isola Capo Rizzuto"]
[Date "2018.06.05"]
[Round "5.13"]
[White "Hracek, Zbynek"]
[Black "Dragnev, Valentin"]
[Result "1/2-1/2"]
[WhiteElo "2582"]
[BlackElo "2485"]
[Annotator "TA"]
[PlyCount "38"]
[EventDate "2018.05.31"]
[EventType "team-tourn"]
[EventCountry "ITA"]
[SourceTitle "playchess.com"]
[Source "ChessBase"]
[SourceQuality "1"]
[WhiteTeam "Czech Republic"]
[BlackTeam "Austria"]
[WhiteTeamCountry "CZE"]
[BlackTeamCountry "AUT"]

{[%evp 17,38,0,0,0,0,0,0,-5,0,0,0,0,0,0,0,0,0,0,0,0,0,0,0]} 1. e4 e5 2. Nf3 Nc6 3. Bc4 Bc5 {[%cal Bf8c5,Bc5b6,Bb6a5][%mdl 32]} 4. c3 Nf6 5. d4 exd4 6. e5 d5 7. Bb5 Ne4 8. cxd4 Bb6 9. Nc3 O-O {The position is equal.} 10. Be3 {C54: Giuoco Piano: 4 c3 Nf6, main lines with 5 d4 and 5 d3} Bg4 11. h3 Bh5 12. Qc2 Ba5 (12... Bxf3 13. gxf3 Ng5 14. O-O-O Nxf3 15. Bxc6 bxc6 16. Qf5 Nh4 17. Qg4 Ng6 {½-½ (38) Naiditsch,A (2701)-Anand,V (2776) Karlsruhe/Baden-Baden 2018}) 13. O-O Bxf3 14. gxf3 Nxd4 15. Bxd4 Qg5+ $1 16. Kh1 Bxc3 $1 17. bxc3 Qf5 $1 {[#] ...Ng3+! is the strong threat.} 18. Kg2 $146 ({Predecessor:} 18. fxe4 Qxh3+ 19. Kg1 Qg4+ 20. Kh2 Qh4+ 21. Kg2 {½-½ (23) Anagnostopoulos,K (2289)-Balokas,D (2269) Heraklion 2018}) 18... Qg5+ $1 19. Kh1 Qf5 $1 1/2-1/2

[Event "36th Mitropa Cup Open 2018"]
[Site "Isola Capo Rizzuto"]
[Date "2018.06.05"]
[Round "5.14"]
[White "Mesaros, Florian"]
[Black "Biolek, Richard Jr"]
[Result "1/2-1/2"]
[WhiteElo "2436"]
[BlackElo "2445"]
[Annotator "TA"]
[PlyCount "120"]
[EventDate "2018.05.31"]
[EventType "team-tourn"]
[EventCountry "ITA"]
[SourceTitle "playchess.com"]
[Source "ChessBase"]
[SourceQuality "1"]
[WhiteTeam "Austria"]
[BlackTeam "Czech Republic"]
[WhiteTeamCountry "AUT"]
[BlackTeamCountry "CZE"]

{[%evp 28,120,5,0,32,29,139,64,62,62,76,63,68,78,67,64,70,60,94,48,72,-27,-26,-50,-10,-10,-10,-23,-22,-20,4,3,81,0,0,0,0,0,0,0,0,0,0,0,0,0,0,0,0,0,0,-9,0,0,0,0,0,0,0,0,0,0,0,0,34,34,33,0,0,0,0,0,0,0,0,0,0,0,0,0,0,0,8,8,8,0,0,0,0,0,0,0,0,0,0]} 1. Nf3 c5 2. c4 Nf6 3. Nc3 d5 4. cxd5 Nxd5 5. e4 Nxc3 6. bxc3 g6 7. d4 Bg7 8. Be3 Nc6 9. Qd2 Qa5 10. Rb1 a6 11. Rc1 cxd4 12. cxd4 Qxd2+ 13. Kxd2 e6 14. Bd3 {D85: Exchange Grünfeld: Unusual White 7th moves and lines with 7 Nf3} O-O 15. h4 {LiveBook: 6 Games} (15. e5 Rd8 16. Bg5 Re8 17. Be4 Bd7 18. h4 h6 19. Be3 Rac8 20. h5 g5 21. Nh2 Na5 {1-0 (44) Le,Q (2718)-Gelfand,B (2734) Almaty 2016}) 15... f5 16. g3 {White is slightly better.} e5 $146 (16... Rd8 $11) ({Predecessor:} 16... Rd8 17. h5 Bd7 18. Bg5 Rdc8 19. hxg6 hxg6 {½-½ (47) Levin,E (2487)-Svetlov,D (2327) Vladimir 2009}) 17. Bc4+ (17. d5 $16 Nb4 18. Bc4) 17... Kh8 $14 18. Nxe5 Nxe5 19. dxe5 fxe4 20. h5 gxh5 21. Rxh5 Bg4 22. Rh4 Rfd8+ 23. Kc2 Bf5 {[#]} 24. g4 (24. Bf7 $1 $16) 24... Bg6 $11 25. e6 b5 26. Bb3 a5 {[%cal Ba6a5,Ba5a4][%mdl 32] Strongly threatening ...a4.} 27. Kb1 a4 28. Bc2 {[#] And now f4 would win.} Kg8 29. g5 Ra6 (29... Rd6 $11 {keeps the balance.}) 30. Bxe4 ({White should play} 30. e7 $16 Re8 31. Bxe4) 30... Rxe6 31. Bxg6 $1 hxg6 32. Rc5 b4 33. Rc7 b3 34. Rxa4 b2 35. Rb4 Be5 36. Rcc4 Rd1+ 37. Kc2 Ra1 38. Rb7 {White wants to mate with Rc8+.} Re7 39. Rb6 Re6 {( -> ...Rxb6)} 40. Rb7 {Rc8+ would kill now.} Re7 41. Rxb2 Bxb2 42. Kxb2 {[%mdl 4096] Endgame KRR-KRB} Rd1 43. Rc6 Kf7 44. Rf6+ Kg7 45. a4 {[%cal Ba2a4,Ba4a5][%mdl 32]} Red7 46. a5 R7d6 47. Rxd6 (47. Kc2 {looks sharper.} R6d5 48. a6 Ra1 49. Rc6 Kf7 50. a7) 47... Rxd6 $14 {KR-KB. The position is equal.} 48. Kc3 {Hoping for Kb4.} Kf7 $1 49. Kc4 {Threatens to win with Bc5.} Ke8 50. Kb5 Kd7 51. a6 Kc8 $1 52. a7 Kb7 53. Kc5 (53. f4 {keeps more tension.} Rd5+ 54. Kc4 Rf5 55. Kd3 Rf8 56. Kd2) 53... Rd8 (53... Rd7 {is more complex.} 54. f4 Rd8 55. Kc4 Re8 56. Bd4 Rf8) 54. Kc4 Rf8 55. Kd5 $1 Rf5+ 56. Ke4 Ka8 57. f4 Kb7 58. Bb6 Ka8 59. Bg1 Kb7 60. Bf2 Ka8 {Precision: White = 54%, Black = 57%.} 1/2-1/2